书目信息 |
| 题名: |
非晶晶化粉末冶金钛合金
|
|
| 作者: | 杨超 , 李元元 著 | |
| 分册: | ||
| 出版信息: | 北京 科学出版社 2020 |
|
| 页数: | 300页 | |
| 开本: | 24cm | |
| 丛书名: | 材料科学技术著作丛书 | |
| 单 册: | ||
| 中图分类: | TF125.2 | |
| 科图分类: | ||
| 主题词: | 超细晶粒--钛合金--粉末冶金--研究 | |
| 电子资源: | ||
| ISBN: | 978-7-03-064453-4 | |
| 000 | 01003oam2 2200265 450 | |
| 001 | 2240197790 | |
| 005 | 20220929111021.66 | |
| 010 | @a978-7-03-064453-4@b精装@dCNY120.00 | |
| 100 | @a20201118d2020 em y0chiy50 ea | |
| 101 | 0 | @achi |
| 102 | @aCN@b110000 | |
| 105 | @aa z 000yy | |
| 200 | 1 | @a非晶晶化粉末冶金钛合金@9fei jing jing hua fen mo ye jin tai he jin@f杨超,李元元著 |
| 210 | @a北京@c科学出版社@d2020 | |
| 215 | @a300页@c图@d24cm | |
| 225 | 1 | @a材料科学技术著作丛书 |
| 300 | @a国家科学技术学术著作出版基金资助出版 | |
| 330 | @a本书首先介绍高强钛合金和非晶晶化合金的研究现状与应用现状,然后介绍非晶/晶态合金粉末的烧结致密化机制和致密化原子扩散系数,系统阐述粉末物性参数与烧结工艺参数等致密化影响因素等。 | |
| 461 | 0 | @12001 @a材料科学技术著作丛书 |
| 606 | 0 | @a超细晶粒@x钛合金@x粉末冶金@x研究 |
| 690 | @aTF125.2@v5 | |
| 701 | 0 | @a杨超@9yang chao@c(材料科学)@4著 |
| 701 | 0 | @a李元元@9li yuan yuan@f(1958.10-)@4著 |
| 801 | 0 | @aCN@b91MARC@c20201205 |
| 905 | @aZUCC@dTF125.2@e1 | |
| 非晶晶化粉末冶金钛合金/杨超,李元元著.-北京:科学出版社,2020 |
| 300页:图;24cm.-(材料科学技术著作丛书) |
| 国家科学技术学术著作出版基金资助出版 |
| ISBN 978-7-03-064453-4(精装):CNY120.00 |
| 本书首先介绍高强钛合金和非晶晶化合金的研究现状与应用现状,然后介绍非晶/晶态合金粉末的烧结致密化机制和致密化原子扩散系数,系统阐述粉末物性参数与烧结工艺参数等致密化影响因素等。 |
| ● |
| 相关链接 |
|
|
|
正题名:非晶晶化粉末冶金钛合金
索取号:TF125.2/1
 
预约/预借
| 序号 | 登录号 | 条形码 | 馆藏地/架位号 | 状态 | 备注 |
| 1 | 2000906194 | 2000906194 | 第三书库/ [索取号:TF125.2/1] | 在馆 | |
| 2 | 2000906195 | 2000906195 | 第三书库/ [索取号:TF125.2/1] | 在馆 | |
| 3 | 2000906196 | 2000906196 | 第三书库/ [索取号:TF125.2/1] | 在馆 |